Medicinal plants of India / (Record no. 69746)

MARC details
000 -LEADER
fixed length control field 00792nam a22002177a 4500
005 - DATE AND TIME OF LATEST TRANSACTION
control field 2012090601341.0
008 - FIXED-LENGTH DATA ELEMENTS--GENERAL INFORMATION
fixed length control field 120906t xxu||||| |||| 00| 0 eng d
010 ## - LCCN (DPL NO)
LC control number ENG-105789
020 ## - INTERNATIONAL STANDARD BOOK NUMBER
International Standard Book Number 9788182472693
Terms of availability 695.00
035 ## - SYSTEM CONTROL NUMBER
System control number EN-89322
037 ## - SOURCE OF ACQUISITION
Source of stock number/acquisition DBAD/PUB
040 ## - CATALOGING SOURCE
Original cataloging agency DPL
Language of cataloging English
082 ## - DEWEY DECIMAL CLASSIFICATION NUMBER
Classification number 581.6340954
100 ## - MAIN ENTRY--PERSONAL NAME
Personal name Wanchoo, K.N.
9 (RLIN) 52052
245 ## - TITLE STATEMENT
Title Medicinal plants of India /
Statement of responsibility, etc by K.N. Wanchoo
260 ## - PUBLICATION, DISTRIBUTION, ETC. (IMPRINT)
Place of publication, distribution, etc Chandigarh
Name of publisher, distributor, etc White Leaf International
Date of publication, distribution, etc 2012
270 ## - ADDRESS
Address S.C.O. 57-59, Sector-17C Basement
City Chandigarh
Postal code 17
300 ## - PHYSICAL DESCRIPTION
Extent 290p. :
Dimensions 23cm(Hb)
Other physical details ill.
942 ## - ADDED ENTRY ELEMENTS (KOHA)
Source of classification or shelving scheme Dewey Decimal Classification
Item type English Books
Classification part 581.6340954
Call number suffix WAN
Holdings
Withdrawn status Lost status Source of classification or shelving scheme Damaged status Not for loan Collection code Home library Current library Date acquired Source of acquisition Cost, normal purchase price Total Checkouts Full call number Barcode Date last seen Copy number Cost, replacement price Koha item type
    Dewey Decimal Classification   Not For Loan Non-fiction D.B.Act.Division D.B.Act.Division 06/09/2012 DBAD / PUB 695.00   581.6340954 WAN EN-89322 06/09/2012 1 695.00 English Books

© Delhi Public Library
Hit Counter
free hit counter